| 000 | 01239nam a22002897a 4500 | ||
|---|---|---|---|
| 003 | OSt | ||
| 005 | 20230111105311.0 | ||
| 007 | cr ||||||a|c|a | ||
| 008 | 230110s2021 mx a|||fom||| 001 0 spa d | ||
| 040 | _erda | ||
| 100 | 1 |
_9185833 _aSalas Larreta, Francisco Abel |
|
| 245 | 1 |
_aEmisión de formaldehido y resistencia a la humedad en tableros contrachapados y LVL de la Empresa Zepemin A.R. de I.C. / _cpor Francisco Abel Salas Larreta; director de tesis Raymundo Valdivia Acevedo. |
|
| 264 | 1 |
_aChapingo, México : _bEl autor, _c2021. |
|
| 300 |
_a1 recurso en línea (70 páginas). _bcuadros, figuras. |
||
| 336 |
_2rdacontent _atexto _btxt |
||
| 337 |
_2rdamedia _acomputadora _bc |
||
| 338 |
_2rdacarrier _arecurso en línea _bcr |
||
| 502 |
_bIFI _cDICIFO _d2021. _gLIC |
||
| 504 | _aIncluye referencias bibliográficas: páginas 67-70. | ||
| 650 | 4 |
_969606 _aMadera _xEnsamblado |
|
| 650 | 4 |
_969610 _aMadera _xHumedad |
|
| 650 | 4 |
_9111300 _aTableros contrachapados |
|
| 650 | 4 |
_948606 _aGomas y resinas |
|
| 700 | 1 |
_9117307 _aValdivia Acevedo, Reymundo _eDirector de tesis. |
|
| 856 |
_uhttp://10.13.5.2/tesis/tl/2021_FO_Salas_Larreta_FranciscoAbel.pdf _zDESCARGAR PDF |
||
| 942 |
_2Clasificación Universidad Autónoma Chapingo _cTD |
||
| 999 |
_c217981 _d217981 |
||